Oravská poviedka 2006 zborník literárnych prác z celoštátnej súťaže mladých autorov

Bibliographic Details
Corporate Author: Oravská poviedka Dolný Kubín, Slovensko
Other Authors: Kollárová, Eva, 1939-2025 (Compiler), Žabenský, Miroslav, 1972- (Compiler)
Format: Conference Proceeding Book
Language:Slovak
PhysicalDescription:57 s. ilustr. 21 cm
Published: Dolný Kubín Oravské osvetové stredisko 2006
ISBN:8096905139 (brož.)
Edition:[1. vyd.]
Subjects:

MARC

LEADER 00000nam a2200000 a 4500
001 vtls008839390
003 SK-MaSNL
005 20260429044722.0
008 160610s2006 xo a g 000 j slo
015 |a SNBA2006/08-04255 
020 |a 8096905139 (brož.) 
035 |a C01C879B-3788-41B7-A232-D8B4BF27E2B0 
035 |a urn:nbn:sk:snk-aml2di 
035 |a urn:nbn:sk:snk-am008mah 
040 |a SNK  |b slo  |c SNK  |e AACR2 
041 0 |a slo 
043 |a e-xo--- 
044 |a xo  |c SK 
072 7 |a 82:06  |x Literárne organizácie, súťaže  |2 konspekt 
080 |a 82:7.092  |2 2001 
080 |a (082)  |2 2001 
080 |a (437.6)  |2 2001 
080 |a 821.162.4-32  |2 2001 
111 2 |a Oravská poviedka  |n (3. :  |d 2006 :  |c Dolný Kubín, Slovensko)  |9 644992 
245 1 0 |a Oravská poviedka 2006  |b zborník literárnych prác z celoštátnej súťaže mladých autorov  |c [ zostavili: Eva Kollárová, Miroslav Žabenský] 
250 |a [1. vyd.] 
260 |a Dolný Kubín  |b Oravské osvetové stredisko  |c 2006 
300 |a 57 s.  |b ilustr.  |c 21 cm 
366 |e 300 výtl. 
650 0 7 |a literárne súťaže  |2 SNKPH  |9 4275 
651 7 |a Dolný Kubín (Slovensko)  |2 SNKPH  |9 168992 
655 7 |a slovenské poviedky  |2 SNKPH  |9 70226 
655 7 |a zborníky  |2 SNKPH  |9 70165 
700 1 |a Kollárová, Eva,  |d 1939-2025  |4 com  |9 243891 
700 1 |a Žabenský, Miroslav,  |d 1972-  |4 com  |9 199200 
919 |a 80-969051-3-9 
958 |a OND 
999 |c 996713  |d 998643 
952 |a SNK  |b SNK  |y PREZ  |7 0  |p 17A0518385  |o snkSC 124548  |i snk2006/16194  |8 0  |0 0  |1 0  |4 0  |d 2006-08-16  |f 1  |l 0  |r 2025-06-06 00:00:00  |w 2026-02-24 
952 |a SNK  |b SNK  |y VYP  |7 0  |p 17A0518386  |o snkSC 124548 D1  |i snk2006/16195  |8 0  |0 0  |1 0  |4 0  |d 2006-08-16  |l 0  |r 2026-02-24 12:06:28  |w 2026-02-24